[Event "Mittelfrank Regionalliga Nord-Ost 2223"]
[Site "Mittelfranken"]
[Date "2022.11.27"]
[Round "3.8"]
[White "Goetz, Martin"]
[Black "Ianosiu, Aurel Ionut"]
[Result "0-1"]
[WhiteElo "1823"]
[BlackElo "1810"]
[PlyCount "106"]
[EventDate "2022.10.09"]
[EventType "team-tourn"]
[EventRounds "9"]
[EventCountry "GER"]
[SourceTitle "EXT 2024"]
[Source "ChessBase"]
[SourceDate "2023.10.10"]
[SourceVersion "1"]
[SourceVersionDate "2023.10.10"]
[SourceQuality "1"]
[WhiteTeam "Buechenbach/Roth"]
[BlackTeam "Herzogenaurach II"]
[WhiteTeamCountry "GER"]
[BlackTeamCountry "GER"]

1. c4 c5 2. Nf3 g6 3. g3 Bg7 4. Bg2 e6 5. 0-0 Ne7 6. Nc3 0-0 7. d3 Nbc6 8. Rb1 d6 9. a3 Bd7 10. Ne4 Qc7 11. b4 b6 12. Bb2 e5 13. b5 Nd4 14. Nxd4 exd4 15. e3 Nf5 16. g4 Nh4 17. exd4 Nxg2 18. Kxg2 cxd4 19. g5 f5 20. gxf6 Bxf6 21. Nxf6+ Rxf6 22. Bxd4 Qb7+ 23. f3 Rf4 24. Bf2 Raf8 25. Bg3 Rxf3 26. Rxf3 Bg4 27. Kg1 Rxf3 28. Qd2 Bh3 29. Re1 Rxd3 30. Qe2 Re3 31. Qd2 Qf3 32. Qd5+ Qxd5 33. cxd5 Rxe1+ 34. Bxe1 Kf7 35. Bg3 Ke7 36. Kf2 Bd7 37. a4 Bf5 38. Ke3 Bc2 39. a5 bxa5 40. Kd4 Bd1 41. Kd3 Bb3 42. Bf2 Bxd5 43. Bxa7 a4 44. Kc3 a3 45. Bd4 Kd7 46. Kb4 a2 47. Ka5 Kc7 48. Ka6 Bc4 49. Ka5 Kb7 50. Kb4 Be6 51. Ka5 g5 52. Kb4 g4 53. Kc3 a1Q+ 0-1

[Event "Mittelfrank Regionalliga Nord-Ost 2223"]
[Site "Mittelfranken"]
[Date "2022.10.09"]
[Round "1.8"]
[White "Delikatnyi, Denys"]
[Black "Ianosiu, Aurel Ionut"]
[Result "1/2-1/2"]
[WhiteElo "1852"]
[BlackElo "1810"]
[PlyCount "45"]
[EventDate "2022.10.09"]
[EventType "team-tourn"]
[EventRounds "9"]
[EventCountry "GER"]
[SourceTitle "EXT 2024"]
[Source "ChessBase"]
[SourceDate "2023.10.10"]
[SourceVersion "1"]
[SourceVersionDate "2023.10.10"]
[SourceQuality "1"]
[WhiteTeam "Forchheim SC"]
[BlackTeam "Herzogenaurach II"]
[WhiteTeamCountry "GER"]
[BlackTeamCountry "GER"]

1. e4 c5 2. c3 Nf6 3. e5 Nd5 4. Nf3 e6 5. d4 cxd4 6. cxd4 d6 7. Bb5+ Bd7 8. Bxd7+ Nxd7 9. 0-0 Qc7 10. Qb3 Rc8 11. Bg5 dxe5 12. Nxe5 Bd6 13. Na3 Bxe5 14. dxe5 Qxe5 15. Bh4 Qe4 16. Rfe1 Qxh4 17. Qxd5 Qb4 18. Nb5 Rc5 19. Nd6+ Ke7 20. Qd3 Ne5 21. Qg3 Qxb2 22. Nxb7 Rb5 23. Rad1 1/2-1/2

[Event "DSOL 05 Liga Gr-C 1st"]
[Site "Playchess.com INT"]
[Date "2020.08.07"]
[Round "7.2"]
[White "Ianosiu, Aurel Ionut"]
[Black "Kuebler, Andreas"]
[Result "1-0"]
[WhiteElo "1760"]
[BlackElo "1681"]
[PlyCount "133"]
[EventDate "2020.06.22"]
[EventType "team-tourn (rapid)"]
[EventCountry "GER"]
[SourceTitle "EXT 2021"]
[Source "ChessBase"]
[SourceDate "2020.10.23"]
[SourceVersion "1"]
[SourceVersionDate "2020.10.23"]
[SourceQuality "1"]
[WhiteTeam "Herzogenaurach II"]
[BlackTeam "Koenigsbronn"]
[WhiteTeamCountry "GER"]
[BlackTeamCountry "GER"]

1. d4 Nf6 2. c4 e5 3. dxe5 Ng4 4. Bf4 Nc6 5. Nf3 Bb4+ 6. Nc3 Bxc3+ 7. bxc3 f6 8. exf6 Nxf6 9. e3 d6 10. h3 0-0 11. Bd3 Be6 12. 0-0 Qd7 13. Ng5 Bf5 14. Qc2 Bxd3 15. Qxd3 h6 16. Nf3 Rae8 17. Rab1 b6 18. Qg6 Qf7 19. Qxf7+ Rxf7 20. Nd4 Na5 21. c5 Nd5 22. cxb6 Nxf4 23. exf4 axb6 24. g3 Nc4 25. Rfe1 Rfe7 26. Rxe7 Rxe7 27. Rd1 Kf7 28. Kf1 Kf6 29. Nc6 Re8 30. Rd4 Na5 31. Nxa5 bxa5 32. Ra4 Ra8 33. Ke2 d5 34. Kd3 c6 35. Kd4 Ke6 36. Kc5 Kd7 37. f5 Rb8 38. Rxa5 Rb2 39. Ra7+ Ke8 40. f4 Rg2 41. Rxg7 Rxa2 42. Kxc6 Rc2 43. Kxd5 Rxc3 44. Ke6 Re3+ 45. Kf6 Rf3 46. Ke5 Re3+ 47. Kd5 Rd3+ 48. Ke4 Rd6 49. Ke5 Rd3 50. f6 Re3+ 51. Kf5 Kf8 52. h4 h5 53. Rg5 Kf7 54. Rg7+ Kf8 55. g4 hxg4 56. Kxg4 Re1 57. h5 Rh1 58. Kg5 Rg1+ 59. Kh6 Rf1 60. Rg4 Kf7 61. Kg5 Ra1 62. h6 Ra5+ 63. f5 Ra8 64. h7 Rh8 65. Kh6 Kf8 66. Rg7 Ke8 67. Rg8+ 1-0